Großstädte Schwedens - Statistiken

Allgemein
  • Dieses Quiz wurde 258 mal gespielt
  • Das Durchschnittsergebnis liegt bei 5 aus 9
Antwortstatistiken
Provinz (Län) Einwohner Stadt % Korrekt
Stockholm 1'515 k Stockholm
100%
Skåne 302 k Malmö
94%
Västra Götaland 573 k Göteborg
93%
Uppsala 149 k Uppsala
91%
Örebro 116 k Örebro
59%
Östergötland 107 k Linköping
42%
Skåne 104 k Helsingborg
37%
Västmanland 118 k Västerås
23%
Stockholm 140 k Sollentuna och Upplands Väsby
4%
Keine übereinstimmenden Quizze gefunden
Verteilung der Resultate
Anzahl Personen mit jedem Resultat
Perzentil nach korrekt beantworteten Fragen
Ihre Resultats-Entwicklung
Sie haben dieses Quiz noch nicht gespielt